Genderove aspekty ve slovanske frazeologii (na materialu belorustiny, polstiny a cestiny)

Bibliographic Details
Main Author: Kedron, Katerina (Author)
Other Authors: Stepanova, Liudmila, 1950- (Reviewer), Madecki, Roman, 1969- (Reviewer)
Format: Electronic eBook
Language:Czech
PhysicalDescription:1 online resource (164 pages)
Published: Prague Karolinum 2014
2014
ISBN:9788024622217
8024622211
Edition:Vydani prvni
Series:Studia Philologica Pragensia
Subjects:
Online Access:EBSCOhost

MARC

LEADER 00000cam a2200000Ia 4500
001 vtls010659770
003 SK-MaSNL
005 20260301215413.0
007 cr cnu---unuuu
008 251104t2014 xr o 000 0 cze
020 |a 9788024622217  |q electronic bk 
020 |a 8024622211  |q electronic bk 
020 |z 9788024622217 
020 |z 9788024625652 (e-pdf) 
035 |a (OCoLC)884588696 
035 |a (VRT)ocn884588696 
040 |a SNK  |b slo  |e rda  |c SNK 
049 |a MAIN 
050 4 |a P326.5.P45  |b .K437 2014eb 
072 7 |a LAN  |x 006000  |2 bisacsh 
072 7 |a LAN  |x 009060  |2 bisacsh 
080 |a 415  |2 23 
100 1 |a Kedron, Katerina  |4 aut  |9 151055 
245 1 0 |a Genderove aspekty ve slovanske frazeologii  |b (na materialu belorustiny, polstiny a cestiny)  |c Katerina Kedron ; recenzovali, Ludmila Stepanova, Roman Madecki 
250 |a Vydani prvni 
260 |a Prague  |b Karolinum  |c 2014 
264 4 |c 2014 
300 |a 1 online resource (164 pages) 
336 |a text  |2 rdacontent 
337 |a computer  |2 rdamedia 
338 |a online resource  |2 rdacarrier 
490 0 |a Studia Philologica Pragensia 
588 |a Description based on online resource; title from PDF cover (ebrary, viewed July 9, 2014) 
588 |a Print version record 
650 0 7 |a bieloruština  |2 SNKPH  |9 1348 
650 0 7 |a poľština  |2 SNKPH  |9 1349 
650 0 7 |a čeština  |2 SNKPH  |9 1319 
650 0 7 |a frazeológia  |2 SNKPH  |9 1507 
650 0 7 |a gender  |2 SNKPH  |9 4939 
650 0 7 |a jazyk a kultúra  |2 SNKPH  |9 66827 
650 0 7 |a komparatívna lingvistika  |2 SNKPH  |9 3799 
650 0 7 |a Belarusian language  |2 SNKPHeng  |9 395219 
650 0 7 |a Polish language  |2 SNKPHeng  |9 288271 
650 0 7 |a Czech language  |2 SNKPHeng  |9 288039 
655 7 |a monografie  |2 SNKPH  |9 70139 
655 7 |a elektronické zdroje  |2 SNKPH  |9 90954 
655 7 |a Electronic books  |2 SNK  |9 333512 
700 1 |a Stepanova, Liudmila,  |d 1950-  |4 rev  |9 259124 
700 1 |a Madecki, Roman,  |d 1969-  |4 rev  |9 142238 
776 0 8 |i Print version:  |a Kedron, Katerina  |t Genderove aspekty ve slovanske frazeologii  |b Vydani prvni 
856 4 0 |3 EBSCOhost  |u http://han5.savba.sk/han/ebsco/search.ebscohost.com/login.aspx?direct=true&db=nlebk&AN=862151&lang=cs&site=eds-live 
938 |a ebrary  |b EBRY  |n ebr10887132 
938 |a EBSCOhost  |b EBSC  |n 862151 
999 |c 928039  |d 929969 
952 |a SNK  |b SNK  |y NEVYP  |7 1  |o snkIEZ 22  |i snk2015/23399  |8 3  |g 15.00  |0 0  |1 0  |4 0  |d 2015-07-31  |l 0  |r 2026-02-24 08:39:12  |w 2026-02-24